Cite todos os partidos com senadores de 1982 pra cá. - Statistics

Estatísticas Gerais
  • Esse quiz foi jogado 129 vezes
  • A pontuação média é 21 de 34
Estatísticas das Respostas
Resposta % Correto
PT
100%
PL
96%
PL
96%
PSD
95%
PDT
87%
PP
87%
PP
87%
PSDB
87%
PCdoB
86%
PMDB
86%
PR
78%
PTB
76%
DEM
75%
PSB
72%
PSL
71%
UNIÃO BRASIL
66%
PPS
64%
PFL
63%
REDE
57%
PSC
55%
PRTB
54%
PST
51%
PRB
50%
REPUBLICANOS
50%
PDS
47%
PMN
47%
PROS
42%
PMB
41%
PRN
39%
PPB
37%
PHS
34%
PPR
25%
SD
21%
PDC
20%
Nenhum quiz correspondente encontrado
Distribuição das Pontuações
Porcentagem de Pessoas com Cada Pontuação
Percentil de Números Respondidos
Sua Pontuação Histórica
Você não jogou esse quiz